[Event "POL-chT DMP Ekstraliga 2019"]
[Site "Katowice"]
[Date "2019.09.04"]
[Round "8.27"]
[White "Druska, Juraj"]
[Black "Skawinski, Arkadiusz"]
[Result "1-0"]
[WhiteElo "2460"]
[BlackElo "2398"]
[Annotator "TA"]
[PlyCount "93"]
[EventDate "2019.08.28"]
[EventType "team-tourn"]
[EventCountry "POL"]
[SourceTitle "playchess.com"]
[Source "ChessBase"]
[SourceQuality "1"]

{[%evp 21,93,33,23,34,26,20,57,52,49,0,0,0,0,-39,-29,-18,0,-25,-25,-30,0,-14,0,0,0,0,0,-2,80,73,289,285,278,273,276,296,477,476,468,256,459,454,454,454,444,444,551,543,680,1119,1056,387,2207,1899,4147,2627,29975,29976,29976,29977,29977,29978,29978,29973,29979,29980,29983,29983,29984,29985,29987,29988,29991,29992]} 1. Nf3 d5 2. g3 Nf6 3. Bg2 e6 4. O-O Be7 5. c4 O-O 6. d4 dxc4 7. Ne5 Nc6 8. Bxc6 bxc6 9. Nxc6 Qe8 10. Nxe7+ Qxe7 11. Qa4 e5 12. dxe5 {E05: Open Catalan: 5 Nf3 Be7} Qxe5 13. Nc3 Be6 (13... Ne4 14. Qxc4 Nxc3 15. bxc3 Be6 16. Bf4 Bxc4 17. Bxe5 Rfe8 18. Bxc7 Rxe2 19. a4 Rc8 {½-½ (35) So,W (2776)-Aronian,L (2765) Saint Louis 2019}) 14. Bf4 {White is slightly better.} Qc5 15. Qb5 Qxb5 $146 ({Predecessor:} 15... Qb6 16. Be3 Qxb5 17. Nxb5 Nd5 18. Bd4 c5 19. Bxc5 Rfb8 {0-1 (32) Alvarez Serrano,C (2004)-Jimenez Almeida,L (2185) Cuenca 2015}) 16. Nxb5 Rab8 $36 {[%mdl 2048] Black is pushing.} 17. Nxa7 Rxb2 18. a4 {[%cal Ba2a4,Ba4a5,Ba5a6,Ba6a7][%mdl 32]} Nd5 {Strongly threatening ...Nc3.} 19. Rfc1 Nxf4 20. gxf4 Rd8 21. f5 Bxf5 22. Nc6 Rd7 23. a5 {[#] a6 is the strong threat.} Be4 (23... Rxe2 $2 24. a6 $18) 24. Rxc4 Bxc6 ({Not} 24... Rxe2 $2 {[#]} 25. Rxe4 $1 {[%mdl 512]} Rxe4 26. a6 $18) (24... Ra2 $1 $11 {remains equal.} 25. Rac1 Bxc6 26. Rxc6 Rxa5) 25. Rxc6 $16 {Threatens to win with a6.} Rxe2 $2 $11 {[%mdl 4096] Endgame KRR-KRR} (25... Kf8 $16) 26. a6 $18 {And now a7 would win.} Re8 27. a7 Ra8 28. Rb1 g6 $2 (28... Rdd8 {might work better.}) 29. Rb8+ Rd8 30. Rb7 (30. Rxa8 $142 Rxa8 31. Rxc7) 30... Rd7 $2 (30... g5 31. Rcxc7 Rf8) 31. Rcxc7 Rxc7 32. Rxc7 {KR-KR} Kg7 33. Kg2 g5 34. Kf3 Kg6 35. Ke4 Rd8 36. Rb7 $2 (36. Rc6+ f6 37. Ra6) 36... Ra8 $2 (36... f5+ 37. Ke5 Ra8) 37. Kd5 h5 38. Kc6 f5 39. Kb6 {White mates.} f4 40. Rb8 Rxa7 41. Kxa7 {KR-K3P} Kf5 42. Rb3 Kg4 43. Kb6 f3 44. Kc5 h4 45. Kd4 Kh3 46. Ke3 Kg2 47. Rb4 {Accuracy: White = 63%, Black = 27%.} 1-0

[Event "POL-chT DMP Ekstraliga 2019"]
[Site "Katowice"]
[Date "2019.09.04"]
[Round "8.28"]
[White "Luch, Michal"]
[Black "Nguyen, Piotr"]
[Result "1/2-1/2"]
[WhiteElo "2393"]
[BlackElo "2413"]
[Annotator "TA"]
[PlyCount "41"]
[EventDate "2019.08.28"]
[EventType "team-tourn"]
[EventCountry "POL"]
[SourceTitle "playchess.com"]
[Source "ChessBase"]
[SourceQuality "1"]

{[%evp 10,41,33,26,43,23,34,22,27,12,43,49,44,23,35,45,43,21,20,0,57,13,18,0,8,0,0,-28,-6,-14,-22,-32,-29,-61]} 1. e4 g6 2. d4 Bg7 3. Nc3 d6 4. Be3 a6 5. h4 Nf6 6. f3 h5 {B07: Pirc Defence: Miscellaneous Systems} 7. Qd2 b5 8. Nh3 (8. O-O-O Nbd7 9. Nh3 Bb7 10. Ng5 e6 11. Kb1 Qe7 12. Ne2 Rd8 13. g3 c6 14. Bh3 e5 15. Qa5 exd4 16. Bxd4 c5 17. Qc7 Ne5 18. Qxd8+ Qxd8 19. Bxe5 {0-1 (30) Brkic,A (2590)-Sjugirov,S (2652) Batumi 2018}) 8... Bxh3 {The position is equal.} 9. Rxh3 c6 10. e5 $146 ({Predecessor:} 10. Nd1 Nbd7 11. Nf2 c5 12. a4 cxd4 13. Bxd4 bxa4 14. Rxa4 {½-½ (59) Barski,R (2387)-Kveinys,A (2499) Heusenstamm 2016}) 10... b4 11. exf6 bxc3 12. Qxc3 Bxf6 13. Bg5 Bg7 14. O-O-O Qb6 (14... c5 $1 $11) 15. Bc4 d5 16. Bb3 Nd7 17. Ba4 Rc8 $1 18. Rhh1 e6 19. Rhe1 a5 20. Qa3 {[%csl Gg5][%cal Ra3e7] [#]} Qb4 {White must now prevent ...Qxa3.} 21. Qxb4 {Accuracy: White =  9%, Black = 68%.} 1/2-1/2

[Event "POL-chT DMP Ekstraliga 2019"]
[Site "Katowice"]
[Date "2019.09.04"]
[Round "8.29"]
[White "Mikrut, Dariusz"]
[Black "Butkiewicz, Lukasz"]
[Result "1/2-1/2"]
[WhiteElo "2375"]
[BlackElo "2436"]
[Annotator "TA"]
[PlyCount "57"]
[EventDate "2019.08.28"]
[EventType "team-tourn"]
[EventCountry "POL"]
[SourceTitle "playchess.com"]
[Source "ChessBase"]
[SourceQuality "1"]

{[%evp 20,57,8,6,65,27,42,24,29,6,14,0,164,164,237,209,200,74,104,38,43,40,108,106,97,99,87,0,0,0,24,21,25,0,0,0,0,0,0,0]} 1. d4 Nf6 2. c4 e6 3. Nc3 Bb4 4. e3 c5 5. Nge2 cxd4 6. exd4 O-O 7. a3 Be7 8. Nf4 d5 9. Be3 dxc4 10. Bxc4 Nc6 11. O-O b6 {E42: Nimzo-Indian: Rubinstein: 4...c5 5 Ne2} ({Better is} 11... Bd6 $11) 12. Ba2 $146 ({Predecessor:} 12. h3 Bb7 13. Ba2 Qd7 14. Qe2 Rfe8 15. Rfd1 Bd6 16. d5 exd5 17. Nfxd5 Nxd5 18. Nxd5 Rad8 19. Qh5 {1-0 (28) Grachev,B (2668)-Ambarcumova,K (2302) St Petersburg 2010}) 12... Bb7 13. Re1 Bd6 {White has an edge.} 14. Nh5 Nxh5 15. Qxh5 g6 $2 (15... Ne7 $1 $11 {and Black is okay.}) 16. Qh3 $1 $18 Re8 (16... e5 $142) 17. d5 exd5 18. Nxd5 (18. Bxd5 $18 h5 19. Rad1) 18... Ne5 19. Rad1 ({White should play} 19. Bd4 $16) 19... Bc8 $14 20. Qg3 Nd3 {[#]} (20... Bg4 $1 $14 21. Bf4 Bxd1 22. Rxd1 Kh8) 21. Qf3 $1 $16 {Black must now prevent Nf6+.} Nxe1 22. Nf6+ {[%mdl 64] Discovered Attack} Kh8 {[#]} 23. Qxa8 (23. Qc6 $1 $16 Rxe3 24. Rxd6) 23... Qxf6 $11 24. Rxe1 {Strongly threatening Bd2.} Bc5 25. Qxa7 Kg7 26. Qc7 Bf5 {The position is equal.} 27. h3 Re7 28. Qf4 Bxe3 29. Rxe3 {Accuracy: White = 35%, Black = 40%.} 1/2-1/2

[Event "POL-chT DMP Ekstraliga 2019"]
[Site "Katowice"]
[Date "2019.09.04"]
[Round "8.30"]
[White "Bartel, Marta"]
[Black "Osmak, Iulija"]
[Result "1/2-1/2"]
[WhiteElo "2244"]
[BlackElo "2414"]
[Annotator "TA"]
[PlyCount "82"]
[EventDate "2019.08.28"]
[EventType "team-tourn"]
[EventCountry "POL"]
[SourceTitle "playchess.com"]
[Source "ChessBase"]
[SourceQuality "1"]

{[%evp 18,82,27,12,33,21,32,31,63,56,56,56,56,56,54,55,53,45,47,48,57,54,54,47,55,20,18,18,26,20,27,27,37,18,18,18,19,-7,0,0,0,0,0,0,0,0,0,0,0,0,0,0,0,0,0,0,0,0,0,0,0,0,0,0,0,0,0]} 1. d4 e6 2. c4 d5 3. Nf3 c6 4. Qc2 Bd6 5. g3 f5 6. Bg2 Nf6 7. O-O O-O 8. Nc3 Ne4 9. Rb1 Nd7 10. b4 {[%cal Bb2b4,Bb4b5][%mdl 32]} b6 {A90: Dutch Defence: Miscellaneous and Modern Stonewall (with ...Bd6)} 11. b5 Nxc3 (11... Qc7 12. Bd2 Ndf6 13. bxc6 Qxc6 14. Nb5 Qxc4 15. Qxc4 dxc4 16. Nxd6 Nxd6 17. Bb4 Rd8 18. Rfc1 {0-1 (39) Jankovic,A (2568)-Sedlak,N (2608) Jahorina 2018}) 12. Qxc3 Bb7 {White is slightly better.} 13. cxd5 $146 ({Predecessor:} 13. bxc6 Bxc6 14. Ng5 Qe7 15. cxd5 Bxd5 16. Bxd5 exd5 17. Qf3 Nf6 18. Qxf5 Qxe2 19. Nxh7 Nxh7 20. Qxd5+ {1-0 (47) Cramling,P (2454)-Skutta,B (1957) Caleta 2017}) 13... cxd5 14. Ba3 Qe7 15. Bxd6 Qxd6 16. Rfc1 Rfc8 17. Qb3 a6 18. a4 Rc7 19. Rxc7 Qxc7 20. Qe3 {[#] Threatens to win with bxa6.} Qd6 21. Qf4 Qxf4 22. gxf4 Rc8 23. e3 h6 24. Bf1 a5 25. Ne5 Nxe5 {The position is equal.} 26. fxe5 $11 {[%mdl 4096] Endgame KRB-KRB} Kf7 27. Rb2 Ke7 28. Bd3 Rc1+ 29. Kg2 Kd8 30. h4 Rc3 31. Bc2 g5 32. hxg5 hxg5 33. Kf1 Bc8 34. Ke2 Rc7 35. Kd2 Rh7 36. Rb1 Rh2 37. Ke2 Bd7 38. Rg1 g4 39. Kf1 Be8 40. Rg2 Rh7 41. Rg1 Rh2 {Accuracy: White = 78%, Black = 71%.} 1/2-1/2

[Event "POL-chT DMP Ekstraliga 2019"]
[Site "Katowice"]
[Date "2019.09.05"]
[Round "9.1"]
[White "Kuzmicz, Krystian"]
[Black "Mista, Aleksander"]
[Result "1/2-1/2"]
[WhiteElo "2461"]
[BlackElo "2599"]
[Annotator "TA"]
[PlyCount "106"]
[EventDate "2019.08.28"]
[EventType "team-tourn"]
[EventCountry "POL"]
[SourceTitle "playchess.com"]
[Source "ChessBase"]
[SourceQuality "1"]

{[%evp 20,106,0,0,17,12,22,0,0,0,0,0,0,0,6,10,16,2,13,7,9,10,6,6,6,6,6,7,10,6,21,0,0,0,0,0,0,0,0,0,0,0,0,0,0,0,0,1,2,-10,-7,-11,0,-2,28,0,0,0,0,-6,-8,-8,-8,-8,-8,-8,-8,-8,-8,-8,-8,-12,-8,-8,-8,-8,-8,-8,0,-8,-8,-8,0,0,7,8,7,7,8]} 1. Nf3 d5 2. e3 Nf6 3. c4 e6 4. b3 Be7 5. Bb2 O-O 6. Be2 c5 7. O-O b6 8. d4 Bb7 9. Nc3 cxd4 10. Nxd4 dxc4 11. Bxc4 Nc6 {A30: Symmetrical English: Double Fianchetto and Hedgehog} 12. Nxc6 Bxc6 13. Qxd8 Rfxd8 14. Rfd1 {[#]} Kf8 $146 ({Predecessor:} 14... Ne8 15. Rxd8 Rxd8 16. Rd1 Nd6 17. Be2 f5 18. g4 g6 19. gxf5 gxf5 {0-1 (53) Prithu,G (2436)-Aravindh,C (2580) Biel 2018}) 15. Kf1 Rxd1+ 16. Rxd1 Rd8 17. Rxd8+ Bxd8 18. f3 g5 19. Nb5 a6 20. Nd4 {[%mdl 64] [#] Discovered Attack} Bb7 $1 21. Bxe6 fxe6 22. Nxe6+ {[%mdl 64] Double Attack} Ke7 23. Nxd8 $11 {[%mdl 4096] Endgame KBN-KBN} Ba8 24. Be5 b5 25. Bc7 Nd5 26. Ba5 {Black must now prevent Ke2.} Nxe3+ 27. Kf2 Nf5 28. Bb6 h6 29. Ba5 Bd5 30. Bb6 Nh4 31. Ba5 Ng6 32. Ke3 Ba8 33. Kd4 Nh4 34. Ke5 Nxg2 35. Ne6 Nh4 36. Nd4 Ng6+ 37. Kf5 Kf7 {The position is equal.} 38. Kg4 Ne5+ 39. Kh5 Kg7 40. f4 gxf4 {[#] Threatens to win with ...f3.} 41. Ne6+ Kf6 42. Nxf4 Kf5 43. Bd2 Nf3 44. Bc1 Nxh2 45. Nd3 Ng4 46. a4 Bd5 47. Nc5 bxa4 48. bxa4 Bf7+ 49. Kh4 Bc4 50. Kh5 Bf7+ 51. Kh4 h5 52. Nxa6 Ne5 53. Nc7 Nc4 {Accuracy: White = 67%, Black = 61%.} 1/2-1/2

[Event "POL-chT DMP Ekstraliga 2019"]
[Site "Katowice"]
[Date "2019.09.05"]
[Round "9.2"]
[White "Moranda, Wojciech"]
[Black "Brodowski, Piotr"]
[Result "1-0"]
[WhiteElo "2597"]
[BlackElo "2430"]
[Annotator "TA"]
[PlyCount "129"]
[EventDate "2019.08.28"]
[EventType "team-tourn"]
[EventCountry "POL"]
[SourceTitle "playchess.com"]
[Source "ChessBase"]
[SourceQuality "1"]

{[%evp 16,129,53,45,52,45,68,35,60,37,59,62,50,51,54,57,47,55,102,40,66,62,70,57,63,66,60,65,98,0,68,63,75,79,158,164,160,161,170,168,194,145,203,210,192,173,239,156,162,158,197,200,350,89,90,91,96,68,72,88,77,61,347,123,120,51,51,51,51,48,50,53,53,53,51,46,47,46,46,49,172,176,169,229,243,235,258,257,256,252,249,243,243,243,446,442,415,413,440,426,473,467,416,397,1376,1223,1773,1511,2012,1879,1827,1703,1442,1089,1000,714]} 1. d4 d6 2. Nf3 g6 3. g3 Bg7 4. Bg2 c5 5. O-O cxd4 6. Nxd4 Nf6 7. c4 O-O 8. Nc3 a6 9. b3 Qb6 {E65: King's Indian: Fianchetto: 6...c5 7 0-0 without d5 by White} (9... Qc7 10. Bb2 Nc6 11. Rc1 Ne5 12. Qd2 e6 13. Rfd1 Rd8 14. h3 Bd7 15. e4 Be8 16. Kh2 Rac8 17. f4 Ned7 18. Nde2 Nc5 19. g4 {1-0 (48) Kornev,A (2512)-Kalugin,S (2416) Lipetsk 2017}) 10. Bb2 Nc6 11. e3 Rd8 {White is slightly better.} 12. h3 $146 ({Predecessor:} 12. Rc1 Nxd4 13. exd4 Bh6 14. Rc2 Bg4 15. Bf3 Bxf3 16. Qxf3 d5 17. c5 Qb4 18. Qd3 {1-0 (56) Ruckschloss,K (2258)-Cajka,T (2135) Slovakia 2015}) 12... e5 13. Nde2 Be6 14. Qd2 Rac8 15. Rfd1 Ne7 16. Rac1 h5 17. Rc2 (17. Na4 $16 Qa7 18. c5) 17... Kh7 18. Ba3 Bf8 19. Qe1 ({Much weaker is} 19. Bxd6 Nf5 $15) 19... Rd7 20. Rcd2 {[%cal Rd2d6]} Rcd8 21. Rd3 Bf5 22. R3d2 Be6 $1 23. Kh2 Bh6 24. Rd3 Bf5 (24... Qc7 $142) 25. e4 $16 Be6 26. f4 $1 {[%cal Rf4e5] fxe5 is the strong threat.} exf4 27. gxf4 Ne8 28. Qh4 Qa5 (28... Ng7 $16 29. Bc1 Qa5) 29. Bc1 $18 f5 30. e5 {Strongly threatening exd6.} Bg7 (30... Nc6 $142 31. R3d2 Bf7) 31. exd6 Bf6 32. Qg3 Nxd6 33. Qe3 Ne4 (33... Bxc4 $142 34. bxc4 Nxc4) 34. Rxd7 $2 ({Weaker is} 34. Nxe4 fxe4 35. Rxd7 (35. Bxe4 Nf5 $14) 35... Rxd7 $16) (34. Bxe4 $18 {is the precise move to win.} fxe4 35. Nxe4) 34... Rxd7 $16 35. Rxd7 Bxd7 36. Bxe4 fxe4 37. Nxe4 Bh4 38. Qc3 Qd8 $2 {[%mdl 8192]} ({Avoid the trap} 38... Qxa2 $2 39. Bb2 $18) (38... Qxc3 $14 39. N2xc3 Bc6) 39. Bb2 $2 (39. Nf6+ $18 {and the rest is easy.} Bxf6 40. Qxf6) 39... Nf5 40. Nd4 (40. N2g3 $16 {Threatens to win with Nxf5.} Qf8 41. Nxf5 Bxf5 42. Nd6) 40... Bf6 $14 41. Nxf6+ $40 {[%mdl 128] White mounts an attack.} Qxf6 42. Nf3 Qxc3 43. Bxc3 {[%mdl 4096] Endgame KBN-KBN} Bc6 44. Ng5+ Kg8 45. Be5 Kf8 46. Kg1 Ke7 47. Kf2 Nd6 ({Black should try} 47... b5 $14) 48. Bxd6+ $1 $18 Kxd6 {KB-KN} 49. Ke3 Kc5 {[#]} 50. a3 $1 b5 51. Ne6+ Kd6 {[#]} 52. Nd4 $1 {[%cal Rd4c6]} Bd7 53. h4 bxc4 54. bxc4 Ba4 $2 (54... Bh3 55. Nb3 Bg2) 55. Kd3 Bd1 56. Ne2 Ke6 57. Ng3 Bf3 58. Kd4 Kd6 59. Ne4+ Kc6 $2 (59... Ke7 60. Nc5 a5) 60. Nc5 {White is clearly winning.} a5 61. Nd3 {Hoping for Ne5+!} Be2 62. Ne5+ {[%mdl 64] Double Attack} Kd6 63. Nxg6 Ke6 64. Ne5 Kf5 65. Ke3 {Accuracy: White = 65%, Black = 29%.} 1-0

[Event "POL-chT DMP Ekstraliga 2019"]
[Site "Katowice"]
[Date "2019.09.05"]
[Round "9.3"]
[White "Skawinski, Arkadiusz"]
[Black "Dziuba, Marcin"]
[Result "0-1"]
[WhiteElo "2398"]
[BlackElo "2568"]
[Annotator "TA"]
[PlyCount "64"]
[EventDate "2019.08.28"]
[EventType "team-tourn"]
[EventCountry "POL"]
[SourceTitle "playchess.com"]
[Source "ChessBase"]
[SourceQuality "1"]

{[%evp 9,64,8,11,8,16,-11,-3,-4,-5,-14,0,0,0,0,13,0,0,0,0,-14,0,-11,-6,-11,0,-25,0,0,4,-29,-18,-39,-45,-41,-46,-50,-41,-43,-49,-192,-87,-75,0,-28,-46,-21,-29,-152,-160,-187,-185,-154,-16,-118,-88,-597,-581]} 1. e4 c5 2. Nf3 d6 3. Bb5+ Nd7 4. Ba4 (4. d4 cxd4 5. Qxd4 a6 6. Bxd7+ Bxd7 7. Bg5 h6 8. Bh4 Qa5+ 9. Nc3 e5 10. Qd3 g5 11. Bg3 Nf6 12. h4 g4 13. Nd2 Rc8 14. h5 Be6 {0-1 (23) Duda,J (2729)-Vachier Lagrave,M (2775) Paris 2019}) 4... Ngf6 5. O-O e6 6. Re1 {B51: Sicilian: Moscow Variation (3 Bb5+) without 3...Bd7} a6 7. c4 Be7 8. Nc3 {The position is equal.} O-O 9. d3 b6 10. a3 Bb7 $146 ({Predecessor:} 10... Qc7 11. h3 Bb7 {0-1 (41) Mencinger,V (2327)-Martinovic,S (2543) Split 2019}) 11. Rb1 Qc7 12. h3 Ne5 13. Qe2 Nfd7 14. Bd2 Nxf3+ 15. Qxf3 Ne5 16. Qe2 Nc6 17. Be3 Bf6 18. Qd2 Nd4 19. f4 Rab8 20. Rec1 g6 21. b4 Bg7 22. Kh1 f5 23. bxc5 bxc5 24. exf5 (24. Qe1 $15) 24... gxf5 ({Don't do} 24... exf5 25. Qe1 $15) (24... Nxf5 $19 {White must now prevent ...Bxc3.} 25. Ne4 Bxe4 26. dxe4 Ng3+ 27. Kh2 Rxb1 28. Rxb1 Nxe4) 25. Ne2 $17 Rf6 (25... Kh8 $17) 26. Nxd4 (26. Bxd4 {looks sharper.} cxd4 27. Kh2 Rg6 28. g3 Rh6 29. Qb4) 26... cxd4 27. Bxd4 Rg6 28. Rxb7 (28. Bxg7 $11 Rxg7 29. c5 Bxg2+ 30. Kh2) 28... Qxb7 ({Don't play} 28... Rxb7 29. Bxg7 Qxg7 30. d4 $15) 29. Bxg7 Qxg7 ({Don't take} 29... Kxg7 30. Bc2 $17) 30. d4 {[#]} Rg3 (30... Kh8 $1 $17 {Hoping for ...Rg8.} 31. Bc6 Rg8) 31. Rc3 (31. c5 $1 $11) 31... h5 {And now ...Rb1+ would win.} 32. Qe1 $2 {[%mdl 8192]} (32. c5 $17 {keeps some hope.}) 32... Rxg2 {Accuracy: White = 33%, Black = 43%.} 0-1

[Event "POL-chT DMP Ekstraliga 2019"]
[Site "Katowice"]
[Date "2019.09.05"]
[Round "9.4"]
[White "Michalik, Peter"]
[Black "Luch, Michal"]
[Result "1/2-1/2"]
[WhiteElo "2573"]
[BlackElo "2393"]
[Annotator "TA"]
[PlyCount "45"]
[EventDate "2019.08.28"]
[EventType "team-tourn"]
[EventCountry "POL"]
[SourceTitle "playchess.com"]
[Source "ChessBase"]
[SourceQuality "1"]

{[%evp 12,45,29,40,33,29,80,45,54,1,57,57,63,23,8,12,47,16,37,21,40,27,33,23,33,0,13,-20,-14,-37,0,0,0,0,0,-15]} 1. c4 Nf6 2. Nc3 c5 3. Nf3 d5 4. cxd5 Nxd5 5. e3 Nc6 6. Bb5 Nxc3 7. bxc3 Bd7 {A34: Symmetrical English: 2 Nc3, lines with ...d5} 8. O-O g6 (8... e6 $11) 9. Ba3 e6 $146 {White is slightly better.} ({Predecessor:} 9... Qa5 10. Qb3 e6 11. c4 Be7 12. d4 a6 13. Bxc6 Bxc6 14. d5 exd5 15. cxd5 {1-0 (24) Caruana,F (2811)-Shetty,A (2389) chess.com INT 2018}) 10. d4 (10. Be2 $14) 10... cxd4 ({Black should try} 10... Qa5 $11 11. Qa4 Qxa4 12. Bxa4 cxd4 13. Bxf8 Rxf8) 11. Bxf8 $14 Kxf8 12. exd4 Kg7 13. Qd2 Qf6 14. Ne5 Rhd8 15. Ng4 Qh4 16. Be2 f5 17. Ne3 e5 {[%cal Re5d4]} 18. d5 f4 19. Nc2 Bf5 20. Rfd1 Be4 21. c4 $1 {[#]The position is equal.} Qg5 $1 {[%csl Ge4][%cal Rg5g2][%mdl 512]} 22. Ne1 Nd4 23. f3 {Accuracy: White = 33%, Black = 26%.} 1/2-1/2

[Event "POL-chT DMP Ekstraliga 2019"]
[Site "Katowice"]
[Date "2019.09.05"]
[Round "9.5"]
[White "Butkiewicz, Lukasz"]
[Black "Plat, Vojtech"]
[Result "1/2-1/2"]
[WhiteElo "2436"]
[BlackElo "2561"]
[Annotator "TA"]
[PlyCount "38"]
[EventDate "2019.08.28"]
[EventType "team-tourn"]
[EventCountry "POL"]
[SourceTitle "playchess.com"]
[Source "ChessBase"]
[SourceQuality "1"]

{[%evp 22,38,7,-9,0,-6,0,-4,0,0,0,0,0,0,0,0,0,0,0]} 1. e4 c5 2. Nf3 Nc6 3. d4 cxd4 4. Nxd4 e6 5. Nc3 d6 6. Be3 Nf6 7. Be2 Be7 8. O-O O-O 9. f4 a6 10. a4 Bd7 11. Kh1 Nxd4 12. Bxd4 {The position is equal.} Bc6 {B85: Sicilian Scheveningen: 6 Be2 a6, lines with early Be3} 13. Bf3 Nd7 (13... Qc7 14. a5 Nd7 15. Be3 b5 16. Qd2 Nf6 17. Qd4 Nd7 18. Qd2 Nf6 19. Qd4 Nd7 20. Qd2 Nf6 21. Qd4 Nd7 {½-½ (21) Bulski,K (2521)-Jaracz,P (2496) Gorzow Wielkopolski 2014}) 14. Qe1 b5 $146 ({Predecessor:} 14... e5 15. Be3 exf4 16. Bxf4 Ne5 17. Rd1 Qb6 18. b4 Ng6 19. Bd2 Qd8 20. b5 axb5 21. axb5 {0-1 (84) Ambarcumova,K (2201)-Kursova,M (2324) Sochi 2007}) 15. Qg3 {[%csl Gd4][%cal Rg3g7] [#]} e5 16. fxe5 dxe5 17. Be3 Kh8 18. Rad1 Qc7 19. axb5 axb5 1/2-1/2

[Event "POL-chT DMP Ekstraliga 2019"]
[Site "Katowice"]
[Date "2019.09.05"]
[Round "9.6"]
[White "Majdan, Joanna"]
[Black "Bartel, Marta"]
[Result "1-0"]
[WhiteElo "2368"]
[BlackElo "2244"]
[Annotator "TA"]
[PlyCount "63"]
[EventDate "2019.08.28"]
[EventType "team-tourn"]
[EventCountry "POL"]
[SourceTitle "playchess.com"]
[Source "ChessBase"]
[SourceQuality "1"]

{[%evp 9,63,47,45,59,50,53,58,64,72,45,84,87,128,110,101,101,102,109,202,98,106,107,90,99,223,213,217,219,232,232,225,154,118,127,113,0,158,160,158,160,163,157,441,438,808,438,487,498,474,496,500,462,645,643,734,727]} 1. e4 g6 2. d4 Bg7 3. Nc3 c6 4. Be3 d5 5. e5 f6 6. f4 {B15: Caro-Kann: 3 Nc3: 3...g6 and 3...dxe4 4 Nxe4 Nf6 5 Nxf6+ exf6} Nh6 7. Nf3 Qb6 8. Na4 {White is slightly better.} Qc7 9. Qd2 b6 $146 ({Predecessor:} 9... Bg4 10. Nh4 Nf5 11. h3 Nxe3 12. Qxe3 Qa5+ 13. c3 fxe5 14. fxe5 {1-0 (44) Nataf,I (2553)-Iordachescu,V (2633) Budva 2004}) 10. h3 Ba6 11. g4 Bxf1 12. Rxf1 Nf7 13. O-O-O Qb7 {[#]} (13... Na6 $16) 14. h4 (14. f5 $1 $18 {and White stays clearly on top.}) 14... Na6 $16 15. h5 gxh5 16. g5 f5 (16... fxg5 $16 17. Nxg5 Nxg5 18. fxg5 e6) 17. Rh1 $18 O-O-O 18. Rxh5 Rdf8 19. Rdh1 h6 20. e6 Nd6 21. gxh6 Bf6 22. Ne5 ({White should try} 22. Nc3 $16) 22... Rh7 $2 (22... Ne4 $11 23. Qe1 Bxe5 24. fxe5 (24. dxe5 c5 $11) 24... Nc7) 23. Qg2 $16 Nc7 24. Qg6 $36 {[%mdl 2048] White is in control.} Rhh8 {And now ...Rfg8 would win.} 25. Nf7 Nxe6 $2 {[#]} (25... Nxf7 $16 26. exf7 Nb5) 26. Qxf6 $1 $18 {[%mdl 576] Double Attack. White is clearly winning.} Qd7 (26... Nxf7 $142 27. Qxe6+ Qd7) (26... exf6 27. Nxd6+) 27. Nxd6+ exd6 {[#]} 28. Qh4 $1 c5 29. b3 cxd4 30. Bd2 b5 31. Nb2 Nc7 32. Nd3 {Accuracy: White = 58%, Black = 33%.} 1-0

[Event "POL-chT DMP Ekstraliga 2019"]
[Site "Katowice"]
[Date "2019.09.05"]
[Round "9.7"]
[White "Heberla, Bartlomiej"]
[Black "Matuszewski, Michal"]
[Result "1-0"]
[WhiteElo "2552"]
[BlackElo "2518"]
[Annotator "TA"]
[PlyCount "61"]
[EventDate "2019.08.28"]
[EventType "team-tourn"]
[EventCountry "POL"]
[SourceTitle "playchess.com"]
[Source "ChessBase"]
[SourceQuality "1"]

{[%evp 9,81,9,8,0,42,49,26,38,37,31,77,65,70,52,58,33,57,40,55,53,33,37,50,34,29,37,35,64,128,122,120,82,130,122,116,117,110,75,222,119,238,60,139,130,373,378,474,474,474,474,474,471,872,444,359,312,340,334,316,296,353,343,344,341,407,416,408,375,474,399,368,306,29977,29978]} 1. e4 c5 2. Nf3 a6 3. b4 cxb4 4. d4 (4. a3 e6 5. axb4 Bxb4 6. c3 Be7 7. d4 d6 8. Bd3 Nd7 9. O-O Ngf6 10. e5 dxe5 11. dxe5 Nd5 {0-1 (39) Soors,S (2391)-Rapport,R (2704) Riga 2014}) 4... d5 5. exd5 Nf6 6. a3 $1 {B28: Sicilian: 2 Nf3 a6 (O'Kelly Variation)} e6 $146 ({Predecessor:} 6... Qxd5 7. axb4 Bg4 8. Be2 e6 9. c3 Be7 10. O-O O-O 11. h3 Bh5 {1-0 (43) Barrenechea Bahamonde,G (2127)-Ansari,A (1919) Caleta 2018}) 7. dxe6 Bxe6 8. Be2 {White has an edge.} Nc6 9. O-O Rc8 10. axb4 Bxb4 11. c4 Bd7 $1 12. d5 Nb8 13. Qb3 a5 14. Na3 O-O 15. Nc2 $36 {[%mdl 2048] White fights for an advantage.} Re8 16. Be3 (16. Nxb4 {feels hotter.} Rxe2 17. Nd3 a4 18. Qxb7 Rxc4 19. Bg5) 16... Ng4 17. Nxb4 {Hoping for Nc2.} Nxe3 18. fxe3 {Black must now prevent Nc2.} axb4 (18... Qb6 $14 19. Nd4 axb4) 19. Qxb4 $16 Rxe3 20. Nd4 Qh4 21. Rad1 Na6 22. Qxb7 Nc5 23. Qa7 Qe7 {[#]} (23... Re4 $16 {is a better defense.} 24. Qa1 Qh6) 24. Bf3 ({Only move:} 24. d6 $1 $18 {[%cal Rd6e7]} Qe8 25. Bf3) 24... Rc3 {[#]} (24... Qd6 $16 {might work better.} 25. g3 h6) 25. Rfe1 $2 (25. Rde1 $1 $18 {[%cal Re1e7]} Qh4 26. Nc6 Bxc6 27. dxc6 Qxc4 28. Be2) 25... Qd6 (25... Re3 $1 $14 26. Rf1 Qd6) 26. Nc6 Kh8 $2 (26... Rf8 $16 27. Ne5 Rb3 28. Nxd7 Nxd7) 27. Ne5 $18 Kg8 28. Bg4 Bxg4 29. Qxf7+ ({Less strong is} 29. Nxg4 Nd3 $16) 29... Kh8 30. Nxg4 {Intending Re8+ and mate.} Qd8 (30... Qg6 $142 31. Qxg6 hxg6) 31. d6 {Played: Ng4-f6} 1-0